000
00228 a2200097 4500
001
48231
100
_a
Rahim, A
245
_a
Iqbal the poet of tomorrow
260
_a
Lahore
_b
Markaziyya Majlis-i-Iqbal
_c
090
_c
31189
_d
31189
942
_a
NUST-CAE
_c
M
_c
23546
999
_c
283304
_d
283304